| 000 | 00000nam##2200000za#4500 |
| 001 | 9.680395 |
| 003 | CaOODSP |
| 005 | 20200421163638 |
| 007 | ta |
| 008 | 150407|2001||||xxc||||| f|0| 0 fre|d |
| 020 | |a0-662-82802-X |
| 040 | |aCaOODSP|bfre |
| 043 | |an-cn--- |
| 086 | 1 |aNH15-114/1998F |
| 110 | 2 |aSociété canadienne d'hypothèques et de logement. |
| 245 | 10|aL'achat d'une maison : |bguide à l'intention des consommateurs |
| 250 | |aRéimpression. |
| 260 | |aOttawa - Ontario : |bSociété canadienne d'hypothèques et de logement |c2001. |
| 300 | |a46, 24p. : |bill., tableaux ; |c28 cm. |
| 500 | |aN.B.: Le numéro de catalogue (NH15-144/1998F) imprimé dans cette publication est incorrect. Données de catalogage avant publication (Canada) imprimées dans cette publication. |
| 563 | |aCouverture souple |
| 590 | |a01-38|b2001-09-21 |
| 691 | 07|aLogement|2gcpds |
| 775 | 08|tHomebuying step by step : |w(CaOODSP)9.646901 |
| 776 | 0#|tL'achat d'une maison : |w(CaOODSP)9.640004 |